| 000 | 00395 a2200157 4500 | ||
|---|---|---|---|
| 020 | _a8177221477 | ||
| 082 | _a621.39 | ||
| 090 |
_c1765 _d1765 |
||
| 100 | _aYarnold,Stuart | ||
| 245 |
_aPC Troubleshooting in easy Steps _cStuart Yarnold |
||
| 250 | _a1st edition | ||
| 260 |
_aNew Delhi _bOt dreamtech Press _c2001 |
||
| 300 | _a192p | ||
| 500 | _aPaper cover | ||
| 942 |
_aNBS _cBK _k621.39 YAR |
||
| 999 |
_c344279 _d344279 |
||